00371nam a2200145Ia 45000010005000000080041000050400013000460820016000591000018000752450062000932500008001552600044001633000011002075460007002181279140313s9999 xx 000 0 und d cPK-LaUMT a 614bHAN-P aJohn J.Hanlon aPrinciples of public health administrationcJohn J.Hanlon a5th aBelmont:bCSIRO Wool Technology,c1969. a658 p. aEN